Contratos de empresa

Збережено в:
Бібліографічні деталі
Автори: Nissen, Ricardo A. (autor), Favier Dubois, Eduardo M (Автор)
Формат: Книга
Мова:Іспанська
Опубліковано: Buenos Aires Hammurabi 1987
Серія:Sección Derecho Comercial
Предмети:
Теги: Додати тег
Немає тегів, Будьте першим, хто поставить тег для цього запису!

MARC

LEADER 00000nam a2200000 a 4500
001 UCP6528
003 CL-VaPUC
008 991029e19870000AG |||||||||||||||||spa|d
082 0 4 |a 346.02  |b NIS  |2 21 
100 |a Nissen, Ricardo A.  |e autor  |9 435631 
700 0 |a Favier Dubois, Eduardo M  |e author  |9 435632 
245 1 0 |a Contratos de empresa 
300 |a v 
942 |c BK 
945 |d 19991029 00:00:00  |a vberengu 
260 |a Buenos Aires  |b Hammurabi  |c 1987 
500 |a v.1: Contrato de compraventa comercial: 
500 |a  Contrato de cuenta corriente mercantil 
650 0 |a Compraventa  |9 255413 
650 0 |a Contratos  |9 255153 
650 0 |a Derecho comercial   |9 256340 
650 0 |a Empresa  |9 350507 
650 7 |a OPERACIONES COMERCIALES  |2 CL-VaPUC  |9 337866 
583 |a last modification  |c 19991029 00:00:00  |k Rodrigo Vera 
490 0 |a Sección Derecho Comercial 
999 |c 284038  |d 284036 
952 |0 0  |1 0  |4 0  |6 346_020000000000000_NIS_1987  |7 0  |8 A  |9 327722  |a BIBDER  |b BIBDER  |d 2019-11-20  |h v.1  |i 3569691  |o 346.02 NIS 1987  |p 3569691  |r 2023-01-25  |w 2019-11-20  |y BK  |k DER